| 000 | 01980nmm a2200529 a 4500 | ||
|---|---|---|---|
| 001 | ocm0001232106 | ||
| 003 | TR-IsHL | ||
| 005 | 20201028155920.0 | ||
| 008 | 150709s2015 tu tur | ||
| 007 | cr cn | ||
| 020 | _a9786059831093 | ||
| 035 |
_a1232106 _b(N$T) |
||
| 050 | 0 | 4 |
_aQ180.55. _bD3919 2015 |
| 090 | 0 | 4 |
_aQ180.55. _bD3919 2015 |
| 100 | 1 | _aDawson, Catherine | |
| 245 | 1 | 0 |
_aAraştırma yöntemlerine giriş: araştırma projesi yürüten tüm araştırmacılar için pratik bir klavuz _h[electronic resource] / _cCatherine Dawson ; çeviri editörü Asım Arı ; çeviri ekibi Aylin Soysal, Çetin Toraman, Emel Akay, Ferit Acar, Gökhan Kayır, Gökay Yüksel, Halil İbrahim Karabulut, Mehmet Fatih Kaya, Murat Polat |
| 250 | _a4. basımdan çeviri | ||
| 260 |
_aKonya : _bEğitim Akademi Yayınevi, _c2015 |
||
| 300 | _a129 p. | ||
| 500 |
_aKaynakça ve dizin var. _x |
||
| 650 | 4 | _aGenel Çalışmalar | |
| 650 | 4 | _aGeneral Works | |
| 650 | 0 |
_aBilim _xMetodoloji |
|
| 650 | 0 |
_aScience _xMethodology. |
|
| 650 | 0 |
_aAraştırma _xMetodoloji |
|
| 650 | 0 |
_aResearch _xMethodology. |
|
| 650 | 0 |
_aAraştırma _xMetodoloji _xÇalışma ve öğretim |
|
| 650 | 0 |
_aResearch _xMethodology _xStudy and teaching. |
|
| 650 | 0 |
_aSosyal bilimler _xAraştırma _xMetodoloji |
|
| 650 | 0 |
_aSocial sciences _xResearch _xMethodology. |
|
| 650 | 0 |
_aEğitim _xAraştırma _xMetodoloji |
|
| 650 | 0 |
_aEducation _xResearch _xMethodology. |
|
| 650 | 0 | _aRapor yazma | |
| 650 | 0 | _aReport writing. | |
| 650 | 7 |
_aSOCIAL SCIENCE / Research _2bisacsh |
|
| 700 | 1 | _aArı, Asım | |
| 700 | 1 | _aSoysal, Aylin | |
| 700 | 1 | _aToraman, Çetin | |
| 700 | 1 | _aAkay, Emel | |
| 700 | 1 | _aAcar, Ferit | |
| 700 | 1 | _aKayır, Gökhan | |
| 700 | 1 | _aYüksel, Gökay | |
| 700 | 1 | _aKarabulut, Halil İbrahim | |
| 700 | 1 | _aKaya, Mehmet Fatih | |
| 700 | 1 | _aPolat, Murat | |
| 856 | 4 | 0 | _uhttp://search.ebscohost.com/login.aspx?direct=true&scope=site&db=e011xww&AN=1232106 |
| 999 |
_c13331 _d13331 |
||